| 000 | 01390nam a22003137i 4500 | ||
|---|---|---|---|
| 003 | EG-ScBUE | ||
| 005 | 20220901103229.0 | ||
| 008 | 220731s2002 ua f b 001 0 ara d | ||
| 017 | _a2001 / 13691 | ||
| 020 | _a7992811758 | ||
| 040 |
_aEG-ScBUE _bara _erda _cEG-ScBUE _dEG-ScBUE |
||
| 082 | 0 | 4 |
_222 _a028.7 _bهـ ا د |
| 100 | 1 |
_aعبد الهادي، محمد فتحي، _d1943- _eمؤلف. |
|
| 245 | 1 | 0 |
_aمصادر المعلومات المرجعية المتخصصة / _cإعداد الدكتور محمد فتحي عبد الهادي، الدكتور أسامة السيد محمود، الدكتورة فايقة محمد علي حسن. |
| 250 | _aالطبعة الثانية. | ||
| 264 | 1 |
_aالجيزة : _bالمكتبة الأكاديمية، _c2002. |
|
| 300 |
_a221 صفحة ؛ _c24 سم |
||
| 336 |
_2rdacontent _aنص _btxt |
||
| 337 |
_2rdamedia _aبدون وسيط _bn |
||
| 338 |
_2rdacarrier _aمجلد _bnc |
||
| 504 | _aيشتمل على إرجاعات ببليوجرافية وكشافات. | ||
| 650 | 7 |
_aمصادر المعلومات. _2BUEsh |
|
| 650 | 7 |
_aالمراجع المتخصصة _vببليوجرافيات. _2BUEsh |
|
| 653 |
_bGGEN _cSeptember2022 |
||
| 655 |
_vReading book _934232 |
||
| 700 | 1 |
_aمحمود، أسامة السيد، _eمؤلف. |
|
| 700 | 1 |
_aحسن، فايقة محمد علي، _eمؤلف. |
|
| 942 | _2ddc | ||
| 999 |
_c29923 _d29894 |
||